NBA Teams All-Time Single Season Point Leader - Statistics

General Stats
  • This quiz has been taken 533 times
    507 since last reset
  • The average score is 16 of 30
Answer Stats
Team Point # Answer % Correct
CHI 3,041 Michael Jordan
99%
GSW 4,029 Wilt Chamberlain
97%
PHI 2,649 Wilt Chamberlain
97%
CLE 2,478 LeBron James
94%
MIL 2,822 Kareem Abdul-Jabbar
92%
LAL 2,832 Kobe Bryant
92%
HOU 2,818 James Harden
90%
OKL 2,593 Kevin Durant
87%
UTA 2,540 Karl Malone
81%
MIA 2,386 Dwyane Wade
78%
NYK 2,347 Patrick Ewing
68%
POR 2,185 Clyde Drexler
59%
NOP 2,110 Anthony Davis
57%
TOR 2,107 Vince Carter
57%
BKN 2,070 Vince Carter
57%
DEN 2,414 Alex English
54%
ATL 2,429 Bob Pettit
54%
SAS 2,585 George Gervin
50%
ORL 2,407 Tracy McGrady
50%
LAC 2,831 Bob McAdoo
49%
BOS 2,338 John Havlicek
48%
MIN 2,061 Karl-Anthony Towns
40%
CHA 2,115 Glen Rice
19%
DAL 2,330 Mark Aguirre
18%
SAC 2,719 Tiny Archibald
17%
DET 2,380 Jerry Stackhouse
11%
PHO 2,201 Tom Chambers
11%
MEM 1,829 Shareef Abdur-Rahim
8%
WAS 2,495 Walt Bellamy
7%
IND 2,075 Billy Knight
4%
No matching quizzes found
Score Distribution
Percent of People with Each Score
Percentile by Number Answered
Your Score History
You have not taken this quiz since the last reset